An introduction to pattern recognition and machine learning / (Record no. 171699)
[ view plain ]
| 000 -LEADER | |
|---|---|
| fixed length control field | 00821cam a2200253 i 4500 |
| 001 - CONTROL NUMBER | |
| control field | 1350666906 |
| 003 - CONTROL NUMBER IDENTIFIER | |
| control field | OSt |
| 005 - DATE AND TIME OF LATEST TRANSACTION | |
| control field | 20250428132404.0 |
| 008 - FIXED-LENGTH DATA ELEMENTS--GENERAL INFORMATION | |
| fixed length control field | 221112s2022 sz a ob 001 0 eng d |
| 020 ## - INTERNATIONAL STANDARD BOOK NUMBER | |
| Canceled/invalid ISBN | 9783030959937 (hardcover) |
| 024 7# - OTHER STANDARD IDENTIFIER | |
| Terms of availability | USD83.00 |
| 040 ## - CATALOGING SOURCE | |
| Original cataloging agency | YDX |
| Language of cataloging | eng |
| Description conventions | rda |
| -- | pn |
| Transcribing agency | YDX |
| Modifying agency | NUST |
| 050 #4 - LIBRARY OF CONGRESS CALL NUMBER | |
| Classification number | Q327 FIE |
| 100 1# - MAIN ENTRY--PERSONAL NAME | |
| Personal name | Fieguth, Paul, |
| Relator term | author |
| 245 13 - TITLE STATEMENT | |
| Title | An introduction to pattern recognition and machine learning / |
| Statement of responsibility, etc. | Paul Fieguth |
| 300 ## - PHYSICAL DESCRIPTION | |
| Extent | xxii, 471 pages : |
| Other physical details | illustrations, |
| Dimensions | 24 cm. |
| 336 ## - CONTENT TYPE | |
| Content type term | text |
| Content type code | txt |
| Source | rdacontent |
| 337 ## - MEDIA TYPE | |
| Media type term | computer |
| Media type code | c |
| Source | rdamedia |
| 338 ## - CARRIER TYPE | |
| Carrier type term | online resource |
| Carrier type code | cr |
| Source | rdacarrier |
| 504 ## - BIBLIOGRAPHY, ETC. NOTE | |
| Bibliography, etc. note | Includes bibliographical references and index |
| 650 #0 - SUBJECT ADDED ENTRY--TOPICAL TERM | |
| General subdivision | Pattern perception. |
| 650 #0 - SUBJECT ADDED ENTRY--TOPICAL TERM | |
| General subdivision | Machine learning. |
| 942 ## - ADDED ENTRY ELEMENTS (KOHA) | |
| Source of classification or shelving scheme | Library of Congress Classification |
| Koha item type | Ordinary Loan Books |
| Classification part | Q327 FIE |
| Call number prefix | Q |
| Call number suffix | FIE |
| Suppress in OPAC | No |
| Withdrawn status | Lost status | Source of classification or shelving scheme | Damaged status | Not for loan | Collection | Home library | Current library | Shelving location | Date acquired | Source of acquisition | Cost, normal purchase price | Total Checkouts | Full call number | Barcode | Date last seen | Accession number | Cost, replacement price | Price effective from | Koha item type | Public note |
|---|---|---|---|---|---|---|---|---|---|---|---|---|---|---|---|---|---|---|---|---|
| LCC | NFIC | MAIN | MAIN | GEN | 04/28/2025 | Book Aid International | 83.00 | Q327 FIE | 92004055067 | 04/28/2025 | 61555 | 83.00 | 04/28/2025 | BOOKS | Donation |